[Event "Wch Seniors 50 (Women) 29th"]
[Site "Bucharest"]
[Date "2019.11.20"]
[Round "8"]
[White "Adoamnei, Roxana Antonela"]
[Black "Radu, Eudochia"]
[Result "1-0"]
[WhiteElo "1930"]
[BlackElo "1748"]
[PlyCount "83"]
[EventDate "2019.11.12"]
[EventType "swiss"]
[EventRounds "11"]
[EventCountry "ROU"]
[SourceTitle "CBM 193 Extra"]
[Source "ChessBase"]
[SourceDate "2020.01.31"]
[SourceVersion "1"]
[SourceVersionDate "2020.01.31"]
[SourceQuality "1"]

1. d4 Nf6 2. Nf3 g6 3. e3 Bg7 4. Bd3 d5 5. 0-0 0-0 6. b3 c6 7. Bb2 a5 8. Nbd2 b5 9. c4 Ba6 10. Ne5 Nfd7 11. f4 f6 12. Nef3 b4 13. Qe2 Qc7 14. Rac1 Qd6 15. g3 Bb7 16. c5 Qc7 17. e4 e6 18. e5 f5 19. Ng5 Re8 20. g4 h6 21. Nh3 Ba6 22. Bxa6 Nxa6 23. gxf5 gxf5 24. Kh1 Nf8 25. Rg1 Re7 26. Rg3 Ra7 27. Rcg1 Qc8 28. Qh5 Rad7 29. Qxh6 Nh7 30. Qh5 Nc7 31. Nf3 Qa6 32. Nhg5 Nf8 33. Nh4 Qc8 34. Ng6 Nxg6 35. Qxg6 Qe8 36. Qh7+ Kf8 37. Qh4 Qa8 38. Nh7+ Kg8 39. Nf6+ Kf8 40. Nxd7+ Rxd7 41. Rxg7 Rxg7 42. Qh8+ 1-0

[Event "Wch Seniors 50 (Women) 29th"]
[Site "Bucharest"]
[Date "2019.11.16"]
[Round "5"]
[White "Monastyrenko, Nataliya"]
[Black "Radu, Eudochia"]
[Result "0-1"]
[WhiteElo "1053"]
[BlackElo "1748"]
[PlyCount "80"]
[EventDate "2019.11.12"]
[EventType "swiss"]
[EventRounds "11"]
[EventCountry "ROU"]
[SourceTitle "CBM 193 Extra"]
[Source "ChessBase"]
[SourceDate "2020.01.31"]
[SourceVersion "1"]
[SourceVersionDate "2020.01.31"]
[SourceQuality "1"]

1. b3 Nf6 2. Bb2 e6 3. g3 d5 4. Nf3 Be7 5. Bg2 c5 6. 0-0 0-0 7. e3 Nc6 8. d4 b6 9. Ne5 Bb7 10. c4 cxd4 11. Nxc6 Bxc6 12. Bxd4 Rc8 13. Nd2 Qd6 14. Rc1 e5 15. Bb2 Qe6 16. Nf3 Nd7 17. Re1 f6 18. Qd2 Rfd8 19. cxd5 Qxd5 20. Qxd5+ Bxd5 21. Rxc8 Rxc8 22. Nh4 Bxg2 23. Kxg2 Rc2 24. Rb1 Nc5 25. Ba3 Rxa2 26. Bb4 Kf7 27. Nf3 a5 28. Be1 Nd3 29. e4 Bc5 30. Nd2 Nxe1+ 31. Rxe1 Rxd2 32. Rf1 Rb2 33. g4 Rxb3 34. f3 a4 35. Rd1 Ke7 36. h4 a3 37. g5 Rb2+ 38. Kh3 a2 39. Kg4 Rb1 40. Rxb1 axb1Q 0-1

[Event "Wch Seniors 50 (Women) 29th"]
[Site "Bucharest"]
[Date "2019.11.12"]
[Round "1"]
[White "Radu, Eudochia"]
[Black "Bogumil, Tatiana"]
[Result "0-1"]
[WhiteElo "1748"]
[BlackElo "2150"]
[PlyCount "48"]
[EventDate "2019.11.12"]
[EventType "swiss"]
[EventRounds "11"]
[EventCountry "ROU"]
[SourceTitle "CBM 193 Extra"]
[Source "ChessBase"]
[SourceDate "2020.01.31"]
[SourceVersion "1"]
[SourceVersionDate "2020.01.31"]
[SourceQuality "1"]

1. e4 g6 2. d4 Bg7 3. c4 c5 4. Nf3 d6 5. Nc3 Nd7 6. d5 Ngf6 7. Be2 0-0 8. 0-0 b5 9. cxb5 a6 10. bxa6 Bxa6 11. Bxa6 Rxa6 12. Qc2 Qa5 13. Nd2 Rb8 14. Rb1 Ng4 15. h3 Nge5 16. Nf3 Nc4 17. Bg5 Rab6 18. Na4 Rb4 19. b3 Na3 20. Qe2 Nxb1 21. Rxb1 Rxa4 22. Bxe7 Rxa2 23. Qe3 Ra1 24. Rxa1 Qxa1+ 0-1

[Event "Tasnad op"]
[Site "Tasnad"]
[Date "2018.09.16"]
[Round "9"]
[White "Martian, Dragos Daniel"]
[Black "Radu, Eudochia"]
[Result "1-0"]
[WhiteElo "2246"]
[BlackElo "1762"]
[PlyCount "103"]
[EventDate "2018.09.11"]
[EventType "swiss"]
[EventRounds "9"]
[EventCountry "ROU"]
[SourceTitle "CBM 186 Extra"]
[Source "ChessBase"]
[SourceDate "2018.08.24"]
[SourceVersion "1"]
[SourceVersionDate "2018.08.24"]
[SourceQuality "1"]

1. e4 d6 2. d4 Nf6 3. Nc3 g6 4. Be3 Bg7 5. Nf3 c6 6. Bd3 Ng4 7. Bg5 h6 8. Bh4 Qc7 9. h3 Nf6 10. 0-0 e5 11. dxe5 dxe5 12. Qd2 Be6 13. Ne2 Nh5 14. Kh2 Nd7 15. a4 g5 16. Bg3 Nf4 17. a5 a6 18. Qc3 f6 19. Nd2 h5 20. Bxf4 gxf4 21. Bc4 Nf8 22. Rfd1 0-0-0 23. Ng1 Bxc4 24. Nxc4 Ne6 25. Nf3 Ng5 26. Nxg5 fxg5 27. Rxd8+ Rxd8 28. Qf3 Qf7 29. b3 Kc7 30. Rd1 Rd4 31. c3 Rxd1 32. Qxd1 Qg6 33. f3 Qe6 34. Qg1 Bf8 35. Qb6+ Kc8 36. Qa7 Bd6 37. Nb6+ Kc7 38. Qa8 g4 39. fxg4 hxg4 40. Qh8 g3+ 41. Kh1 Be7 42. Qh5 Bd6 43. Nc4 Kb8 44. Qd1 Bc7 45. Kg1 Ka7 46. Kf1 b5 47. axb6+ Bxb6 48. Qd6 Qxd6 49. Nxd6 Bc7 50. Nf7 c5 51. c4 a5 52. h4 1-0

[Event "Tasnad op"]
[Site "Tasnad"]
[Date "2018.09.15"]
[Round "7"]
[White "Radu, Eudochia"]
[Black "Rusu, Vitalie"]
[Result "1/2-1/2"]
[WhiteElo "1762"]
[BlackElo "1559"]
[PlyCount "49"]
[EventDate "2018.09.11"]
[EventType "swiss"]
[EventRounds "9"]
[EventCountry "ROU"]
[SourceTitle "CBM 186 Extra"]
[Source "ChessBase"]
[SourceDate "2018.08.24"]
[SourceVersion "1"]
[SourceVersionDate "2018.08.24"]
[SourceQuality "1"]

1. e4 c5 2. Nf3 Nc6 3. d4 cxd4 4. Nxd4 Nxd4 5. Qxd4 d6 6. c4 Nf6 7. Nc3 a6 8. Be2 g6 9. Be3 Bg7 10. Qd2 0-0 11. h3 Be6 12. f3 Qc7 13. Nd5 Nxd5 14. cxd5 Bd7 15. Rc1 Qd8 16. 0-0 b5 17. Bd4 Bxd4+ 18. Qxd4 Qa5 19. a3 Rfc8 20. f4 Rxc1 21. Rxc1 Rc8 22. Rxc8+ Bxc8 23. Kf1 Qc7 24. Qc3 Qxc3 25. bxc3 1/2-1/2